| 000 | 01331nam1a22002771i 4500 | ||
|---|---|---|---|
| 001 | rc\2664091 | ||
| 005 | 20260407070826.0 | ||
| 035 | _a(NLR Aleph) 006970749 | ||
| 090 |
_a5437946 _c5437946 |
||
| 100 | _a20110618d1927 |||y0rusy50 ca | ||
| 101 | 0 | _arus | |
| 102 | _aRU | ||
| 105 | _ay z ||||| | ||
| 200 | 1 |
_aНаталья Тарпова _eРоман. Кн. I- _fСергей Семенов _gВсесоюзная ассоциация пролетарский пистолей |
|
| 210 |
_aЛенинград _cПрибой _d[1927] _gгос. тип. им. Евг. Соколовой |
||
| 215 | _d19х12 см | ||
| 225 | 1 | _aНовинки пролетарской литературы | |
| 300 | _aНа обл. серия: "Новинки пролетарской литературы" | ||
| 300 | _aОбл.: М[арк] К[ирнарский] | ||
| 300 | _aЭкз. на ш. 25/1244-1а с автогр. авт. | ||
| 700 | 1 |
_4570 _7ca _8rus _aСеменов _bС. А. _cписатель _f1893-1942 _gСергей Александрович _9109157 _3RU\NLR\AUTH\77126233 |
|
| 702 | 1 |
_4570 _7ca _8rus _aКирнарский _bМ. А. _cхудожник-график _f1893-1942 _gМарк Абрамович _9180730 _3RU\NLR\AUTH\770180781 |
|
| 801 | 0 |
_aRU _bNLR _gpsbo |
|
| 801 | 1 |
_aRU _bELAR _2rusmarc |
|
| 852 |
_aNLR _j25/1244 |
||
| 942 | _cBOOK | ||